The little weaver of Thái-Yên village = Cô bé thợ-dệt làng Thái-yên /
A young Vietnamese girl maintains her own cultural identity while struggling to adjust to the United States.
| Main Author: | |
|---|---|
| Other Authors: | |
| Format: | Book |
| Language: | English Vietnamese |
| Published: |
San Francisco, Calif. :
Children's Book Press :
[1987]
|
| Edition: | Rev. ed. |
| Series: | Fifth world tales.
|
| Subjects: |
MARC
| Tag | First Indicator | Second Indicator | Subfields |
|---|---|---|---|
| LEADER | 00000cam a2200000 a 4500 | ||
| 001 | in00001761846 | ||
| 005 | 20151025051823.0 | ||
| 008 | 860625s1987 caua j 000 1 eng | ||
| 010 | |a 86017186 | ||
| 020 | |a 0892390301 : |c $10.95 | ||
| 035 | |a (OCoLC)ocm13859756 | ||
| 040 | |a DLC |c DLC |d OCL |d TXA |d UtOrBLW | ||
| 041 | 0 | |a eng |a vie | |
| 042 | |a lcac | ||
| 049 | |a TXAM | ||
| 050 | 0 | 0 | |a PZ90.V5 |b T7 1987 |
| 082 | 0 | 0 | |a [Fic] |2 19 |
| 100 | 1 | |a Trà̂n, Khánh Tuyé̂t. | |
| 245 | 1 | 4 | |a The little weaver of Thái-Yên village = Cô bé thợ-dệt làng Thái-yên / |c written in Vietnamese by Trần-Khánh-Tuyết ; illustrated by Nancy Hom ; translated into English by Christopher N.H. Jenkins & Trần-Khánh-Tuyết. |
| 250 | |a Rev. ed. | ||
| 264 | 1 | |a San Francisco, Calif. : |b Children's Book Press : |c [1987] | |
| 264 | 2 | |a San Francisco, Calif. : |b Distributed by Talman, | |
| 264 | 4 | |c ©1987 | |
| 300 | |a 24 pages : |b color illustrations ; |c 25 cm. | ||
| 336 | |a text |b txt |2 rdacontent | ||
| 337 | |a unmediated |b n |2 rdamedia | ||
| 338 | |a volume |b nc |2 rdacarrier | ||
| 490 | 1 | |a Fifth world tales | |
| 500 | |a English and Vietnamese. | ||
| 520 | |a A young Vietnamese girl maintains her own cultural identity while struggling to adjust to the United States. | ||
| 650 | 0 | |a Vietnamese Americans |v Juvenile fiction. | |
| 650 | 0 | |a Vietnam War, 1961-1975 |v Juvenile fiction. | |
| 650 | 1 | |a Vietnamese Americans |v Fiction. | |
| 650 | 1 | |a Vietnam War, 1961-1975 |v Fiction. | |
| 650 | 1 | |a Vietnamese language materials |x Bilingual. | |
| 700 | 1 | |a Hom, Nancy, |e illustrator. | |
| 740 | 0 | |a Cô bé thợ-dệt làng Thái-yên. | |
| 830 | 0 | |a Fifth world tales. | |
| 948 | |a cataloged |b h |c 2003/5/30 |d c |e jgreene |f 2:41:09 pm | ||
| 994 | |a E0 |b TXA | ||
| 999 | |a MARS | ||
| 999 | f | f | |s c5c95581-4946-3627-b3b5-641dccfad138 |i 6ec44143-6638-37f2-a70a-739eecfacbe7 |t 0 |
| 952 | f | f | |p ric |a Texas A&M University |b Rellis Campus |c Joint Library Facility |d Remote Storage |t 0 |e PZ90.V5 T7 1987 |h Library of Congress classification |i unmediated -- volume |m A14830219084 |
| 998 | f | f | |a PZ90.V5 T7 1987 |t 0 |l Remote Storage |